000 00391nam a2200145Ia 4500
008 230711s9999||||xx |||||||||||||| ||und||
041 _aENG
082 _a621.381
_bCO-M
100 _aCollin,Robert E
245 0 _aFoundation of microwave engineering
250 _a2nd Ed.
260 _c1992
_aNew Delhi
_bTata McGraw Hill Education Limited
650 _aElectronics Engineering
942 _cBK
999 _c3873
_d3873